Graph theory and computing
Enregistré dans:
| Collectivité auteur: | |
|---|---|
| Format: | Livre |
| Langue: | anglais |
| Publié: |
University of West Indies
1969
|
| Sujets: | |
| Tags: |
Ajouter un tag
Pas de tags, Soyez le premier à ajouter un tag!
|
MARC
| LEADER | 00000nam a2200000 a 4500 | ||
|---|---|---|---|
| 001 | UCP5655 | ||
| 003 | CL-VaPUC | ||
| 008 | 990927e19690000jm |||||||||||||||||eng|d | ||
| 082 | 0 | 4 | |a 511.5 |b INT |2 21 |
| 110 | 2 | |a International Conference Held Graph Theory and Computing |e author |9 434151 | |
| 245 | 1 | 0 | |a Graph theory and computing |
| 300 | |a 329 p | ||
| 942 | |c BK | ||
| 945 | |d 19990927 00:00:00 |a rbrito | ||
| 260 | |b University of West Indies |c 1969 | ||
| 650 | 0 | |a Algoritmos |9 260639 | |
| 650 | 0 | |a Lenguajes de programación |9 259458 | |
| 650 | 7 | |a ISOMORFISMO |2 CL-VaPUC |9 417405 | |
| 650 | 0 | |a Ecuaciones lineales |9 342219 | |
| 650 | 0 | |a Congresos |9 257560 | |
| 999 | |c 283348 |d 283346 | ||
| 583 | |k Rodrigo Vera | ||
| 952 | |0 0 |1 0 |4 0 |6 511_500000000000000_INT_1969 |7 0 |8 A |9 326409 |a BIBMAT |b BIBMAT |d 2019-11-20 |i 3546306 |o 511.5 INT 1969 |p 3546306 |r 2025-01-07 |w 2019-11-20 |y BK |k MAT | ||